000 00375nam a2200097Ia 4500
008 220204s9999 xx 000 0 und d
082 _a338.83:331(540)
_bINT
245 0 _aInterim report on reorientation of programmes of small farmers and marginal farmers and agricultural labourers development agencies
260 _aNew Delhi
_bNational Commn of Agriculture
_c1973
942 _cBK
999 _c24253
_d24253